| 000 | 00592nam a2200217 a 4500 | ||
|---|---|---|---|
| 001 | 3208 | ||
| 005 | 20140414131909.0 | ||
| 008 | 040116s19uu xx 00 eng d | ||
| 020 | _a0-689-81048-2 | ||
| 050 |
_aER _bAn7 1996 |
||
| 100 | _aCanning, Shelagh | ||
| 245 |
_aAnnie's race / _cShelagh Canning. |
||
| 260 |
_aNew York : _bAladdin Paperbacks, _c1996. |
||
| 300 | _ap. ; cm. | ||
| 650 |
_aCourage _xFiction. |
||
| 650 |
_aRunning _xFiction. |
||
| 650 |
_aTheseus (Greek mythology) _xFiction. |
||
| 650 | _aConduct of life. | ||
| 650 |
_aStory telling _xFiction. |
||
| 999 |
_c111089 _d111089 |
||